| 000 -LEADER |
| fixed length control field |
00954nam a2200217 a 4500 |
| 001 - CONTROL NUMBER |
| control field |
:::00014130$&:&@@ |
| 003 - CONTROL NUMBER IDENTIFIER |
| control field |
OkBaRHE |
| 005 - DATE AND TIME OF LATEST TRANSACTION |
| control field |
20100325145344.0 |
| 008 - FIXED-LENGTH DATA ELEMENTS--GENERAL INFORMATION |
| fixed length control field |
s1979 j 000 0 eng u |
| 040 ## - CATALOGING SOURCE |
| Transcribing agency |
|
| 245 10 - TITLE STATEMENT |
| Title |
Reader's digest use the right word: |
| Remainder of title |
modern guide to synonyms and related words, lists of antonyms, copious cross-references, a complete and legible index. |
| Statement of responsibility, etc |
[By] S I. Hayakawa and the editors of the Reader's digest and the Funk & Wagnalls dictionary staff. |
| 250 ## - EDITION STATEMENT |
| Edition statement |
[1st ed.] |
| 260 ## - PUBLICATION, DISTRIBUTION, ETC. (IMPRINT) |
| Place of publication, distribution, etc |
Pleasantville, NY., : |
| Name of publisher, distributor, etc |
Reader's Digest Association |
| Date of publication, distribution, etc |
1979 |
| 300 ## - PHYSICAL DESCRIPTION |
| Extent |
x, 726 p. ; |
| Dimensions |
25 cm. |
| 650 ## - SUBJECT ADDED ENTRY--TOPICAL TERM |
| Topical term or geographic name as entry element |
English Language |
| General subdivision |
Synonyms and Antonyms |
| 700 ## - ADDED ENTRY--PERSONAL NAME |
| Personal name |
Funk & Wagnalls Company. |
| 700 ## - ADDED ENTRY--PERSONAL NAME |
| Personal name |
Hayakawa, S. I. (Samuel Ichiye), 1906- |
| 700 ## - ADDED ENTRY--PERSONAL NAME |
| Personal name |
Reader's Digest Association (Great Britain) |
| 942 ## - ADDED ENTRY ELEMENTS (KOHA) |
| Source of classification or shelving scheme |
|
| Koha item type |
Books |